[Event "Titled Tuesday intern op 31st Oct Late"]
[Site "Chess.com INT"]
[Date "2023.10.31"]
[Round "5"]
[White "Contreras Torres, Javier"]
[Black "Kazakov, Mikhail"]
[Result "0-1"]
[WhiteElo "2296"]
[BlackElo "2513"]
[PlyCount "78"]
[EventDate "2023.10.31"]
[EventType "swiss (blitz)"]
[EventRounds "11"]
[EventCountry "USA"]
[SourceTitle "EXT 2025"]
[Source "ChessBase"]
[SourceDate "2024.10.14"]
[SourceVersion "1"]
[SourceVersionDate "2024.10.14"]
[SourceQuality "1"]

1. e4 e5 2. Nf3 Nc6 3. Bb5 a6 4. Ba4 Nf6 5. 0-0 Be7 6. Re1 b5 7. Bb3 d6 8. a4 Bb7 9. d3 b4 10. Nbd2 0-0 11. Nc4 h6 12. a5 Nd7 13. c3 Nc5 14. Bc2 Bf6 15. Ne3 bxc3 16. bxc3 g6 17. Nd5 Bg7 18. Be3 Ne6 19. Qd2 Kh7 20. Reb1 Bc8 21. d4 Ne7 22. Nb4 exd4 23. cxd4 c5 24. Na2 d5 25. Nc3 cxd4 26. Nxd4 Nxd4 27. Bxd4 dxe4 28. Bxe4 Qxd4 29. Qxd4 Bxd4 30. Bxa8 Bxc3 31. Ra3 Bf5 32. Rb7 Bf6 33. Rb6 Rxa8 34. Rxf6 Be6 35. Rff3 Rb8 36. Kf1 Rb5 37. Rfc3 Nd5 38. Rc6 Nb4 39. g3 Nxc6 0-1

[Event "Titled Tuesday intern op 31st Oct Late"]
[Site "Chess.com INT"]
[Date "2023.10.31"]
[Round "1"]
[White "Domingo Nunez, Ruben"]
[Black "Kazakov, Mikhail"]
[Result "1-0"]
[WhiteElo "2429"]
[BlackElo "2513"]
[PlyCount "105"]
[EventDate "2023.10.31"]
[EventType "swiss (blitz)"]
[EventRounds "11"]
[EventCountry "USA"]
[SourceTitle "EXT 2025"]
[Source "ChessBase"]
[SourceDate "2024.10.14"]
[SourceVersion "1"]
[SourceVersionDate "2024.10.14"]
[SourceQuality "1"]

1. Nf3 d5 2. b3 Nf6 3. Bb2 Bf5 4. e3 e6 5. c4 c6 6. Be2 Be7 7. 0-0 0-0 8. h3 h6 9. Nc3 Nbd7 10. d4 Ne4 11. Na4 a6 12. c5 Bf6 13. Rc1 Re8 14. Ne5 Nxe5 15. dxe5 Be7 16. Bd4 f6 17. Qe1 Ng5 18. Nb6 Rb8 19. h4 Nf7 20. exf6 Bxf6 21. Bxf6 gxf6 22. Bh5 Re7 23. f3 Bh7 24. Qg3+ Kh8 25. Qf4 Kg7 26. b4 Qc7 27. Qxc7 Rxc7 28. a4 Ne5 29. Rfd1 Nd3 30. Rb1 a5 31. bxa5 Nxc5 32. Rb4 e5 33. e4 d4 34. Rc4 Nd7 35. Bg4 Nxb6 36. axb6 Re7 37. a5 Ra8 38. Ra1 Ra6 39. Bc8 Bg8 40. Rxc6 Ra8 41. Rc5 Rb8 42. Kf2 h5 43. g4 hxg4 44. Bxg4 Be6 45. Rc7 Kf7 46. Bh5+ Kf8 47. Rac1 d3 48. Ke3 Rd8 49. Rxe7 Kxe7 50. Rc7+ Kf8 51. Kd2 Rd7 52. Rxd7 Bxd7 53. a6 1-0

[Event "Titled Tuesday intern op 10th Oct Late"]
[Site "Chess.com INT"]
[Date "2023.10.10"]
[Round "4"]
[White "Kazakov, Mikhail"]
[Black "Guerra Mendez, Jose Angel"]
[Result "0-1"]
[WhiteElo "2513"]
[BlackElo "2500"]
[PlyCount "78"]
[EventDate "2023.10.10"]
[EventType "swiss (blitz)"]
[EventRounds "11"]
[EventCountry "USA"]
[SourceTitle "EXT 2025"]
[Source "ChessBase"]
[SourceDate "2024.10.14"]
[SourceVersion "1"]
[SourceVersionDate "2024.10.14"]
[SourceQuality "1"]

1. d4 Nf6 2. c4 e6 3. Nf3 b6 4. a3 Bb7 5. Nc3 d6 6. g3 Ne4 7. Nxe4 Bxe4 8. Bg2 Nd7 9. 0-0 Be7 10. Ne1 Bxg2 11. Nxg2 0-0 12. e4 c6 13. f4 Nf6 14. Qf3 d5 15. e5 Ne4 16. f5 exf5 17. Qxf5 Qc8 18. cxd5 Qxf5 19. Rxf5 cxd5 20. Ne3 Rfd8 21. Kg2 Rac8 22. h4 a5 23. Rf4 a4 24. Nxd5 Rxd5 25. Rxe4 f5 26. exf6 Bxf6 27. Be3 Rc2+ 28. Kf3 Rxb2 29. Rc1 h5 30. Rc3 Rb3 31. Rxb3 axb3 32. Re8+ Kf7 33. Rb8 Rb5 34. Bc1 b2 35. Bxb2 Rxb2 36. Ke4 Rb3 37. a4 Rb4 38. Kd5 Rxd4+ 39. Kc6 Rxa4 0-1

[Event "AI Cup Play In"]
[Site "Chess.com INT"]
[Date "2023.09.18"]
[Round "1"]
[White "Kazakov, Mikhail"]
[Black "Jones, Gawain C B"]
[Result "0-1"]
[WhiteElo "2513"]
[BlackElo "2618"]
[PlyCount "70"]
[EventDate "2023.09.18"]
[EventType "swiss (rapid)"]
[EventRounds "9"]
[EventCountry "USA"]
[SourceTitle "CBM 216 Extra"]
[Source "ChessBase"]
[SourceDate "2023.11.30"]
[SourceVersion "1"]
[SourceVersionDate "2023.11.30"]
[SourceQuality "1"]

1. d4 Nf6 2. c4 g6 3. Nc3 Bg7 4. Nf3 0-0 5. Bg5 h6 6. Bh4 c5 7. d5 d6 8. e4 e6 9. Bd3 exd5 10. cxd5 g5 11. Bg3 Nh5 12. 0-0 Nxg3 13. hxg3 Nd7 14. Re1 Ne5 15. Nxe5 Bxe5 16. Qd2 Bd7 17. Nd1 b5 18. Ne3 Qf6 19. Nd1 c4 20. Bf1 h5 21. a4 a6 22. Ra3 Rfb8 23. Rf3 Qg7 24. Ne3 c3 25. bxc3 Bxc3 26. Qc1 Bxe1 27. Qxe1 bxa4 28. Nf5 Bxf5 29. Rxf5 a3 30. Qa5 Rb1 31. Qxa3 Rc8 32. f4 Rcc1 33. fxg5 Rxf1+ 34. Rxf1 Qd4+ 35. Kh2 Rxf1 0-1

[Event "AI Cup Play In"]
[Site "Chess.com INT"]
[Date "2023.09.18"]
[Round "2"]
[White "Kosteniuk, Alexandra"]
[Black "Kazakov, Mikhail"]
[Result "1-0"]
[WhiteElo "2523"]
[BlackElo "2513"]
[PlyCount "127"]
[EventDate "2023.09.18"]
[EventType "swiss (rapid)"]
[EventRounds "9"]
[EventCountry "USA"]
[SourceTitle "CBM 216 Extra"]
[Source "ChessBase"]
[SourceDate "2023.11.30"]
[SourceVersion "1"]
[SourceVersionDate "2023.11.30"]
[SourceQuality "1"]

1. e4 e5 2. Nf3 Nc6 3. Bc4 Nf6 4. d3 Be7 5. 0-0 d6 6. a4 0-0 7. Re1 Na5 8. Ba2 c5 9. Na3 Nc6 10. c3 h6 11. Nc4 Be6 12. Bd2 Re8 13. b4 Bf8 14. b5 Ne7 15. d4 Ng6 16. dxc5 dxc5 17. Qc2 Bg4 18. Re3 Qc7 19. h3 Be6 20. Ree1 Rad8 21. a5 b6 22. axb6 axb6 23. Ne3 c4 24. Bc1 Bc5 25. Nxc4 Bxc4 26. Bxc4 Bxf2+ 27. Qxf2 Qxc4 28. Qxb6 Rb8 29. Qc6 Qxb5 30. Qxb5 Rxb5 31. Ba3 Nf4 32. Rad1 Rb3 33. Bb4 Rb2 34. Rd2 Rxd2 35. Nxd2 Nd3 36. Re3 Nxb4 37. cxb4 Rd8 38. Nf3 Rd1+ 39. Re1 Rxe1+ 40. Nxe1 Nxe4 41. Nd3 f6 42. b5 Nd6 43. b6 Nb7 44. Kf2 Kf7 45. Ke3 Ke6 46. g4 g6 47. h4 Kd5 48. h5 gxh5 49. gxh5 Nd6 50. Nf2 f5 51. Kf3 Kd4 52. Ke2 e4 53. Nh3 Ke5 54. Nf2 f4 55. Ng4+ Kd4 56. Nxh6 f3+ 57. Kf2 e3+ 58. Kxf3 Kd3 59. Ng4 e2 60. Nf2+ Kd2 61. b7 e1Q 62. b8Q Qe2+ 63. Kg2 Qe5 64. Qb4+ 1-0

[Event "Titled Tuesday intern op 29th Aug Late"]
[Site "Chess.com INT"]
[Date "2023.08.29"]
[Round "10"]
[White "Kazakov, Mikhail"]
[Black "Van Baar, Esper"]
[Result "1-0"]
[WhiteElo "2513"]
[BlackElo "2179"]
[PlyCount "77"]
[EventDate "2023.08.29"]
[EventType "swiss (blitz)"]
[EventRounds "11"]
[EventCountry "USA"]
[SourceTitle "EXT 2024"]
[Source "ChessBase"]
[SourceDate "2023.10.10"]
[SourceVersion "1"]
[SourceVersionDate "2023.10.10"]
[SourceQuality "1"]

1. d4 d5 2. Nf3 c6 3. g3 Nf6 4. Bg2 g6 5. 0-0 Bg7 6. c3 0-0 7. a4 a5 8. Bf4 Bf5 9. Nh4 Be6 10. Nd2 h6 11. Nhf3 Bf5 12. Ne5 Nbd7 13. Nxd7 Qxd7 14. Be5 Bh3 15. Bxf6 Bxf6 16. e4 Bxg2 17. Kxg2 dxe4 18. Nxe4 Bg7 19. Qf3 b6 20. Rfe1 Rfe8 21. h4 Qd5 22. h5 Qxh5 23. Qxh5 gxh5 24. f4 c5 25. dxc5 f5 26. Nd2 bxc5 27. Nc4 Kf7 28. Rad1 Rad8 29. Kf3 Rxd1 30. Rxd1 Bf6 31. Rd5 h4 32. gxh4 Bxh4 33. Rxf5+ Kg6 34. Rxc5 Bf6 35. Rxa5 h5 36. Ne5+ Kg7 37. Rb5 h4 38. Kg4 Rh8 39. Kh3 1-0